000 00489nam a2200181Ia 4500
001 2759
005 20260306144830.0
008 260306t1990||||xx |||||||||||||| ||spa||
041 _aESP
082 _a226.2
_bM96 T. 4
100 _aMuñoz Iglesias, Salvador
_eAUT
245 0 _aLos evangelios de la infancia IV:
_bnacimiento e infancia de Jesús en San Mateo
260 _c1990
300 _axvi, 443 páginas :
_c20 cm.
650 _aGEN
654 _aCHU
942 _cLIB
_dJUS
_fJUS
_2ddc
_n
999 _c2759
_d2759